00526cam a22002057a 4500003000500000005001700005008004100022010001000063011001000073035001000083040000900093082001900102100002200121245004100143260004900184300001000233490003200243650001300275830003200288CHAP20220329140638.0971013s r 00010 d a55281 a56253 a60406 cCHAP a338.47663bS4700aSerrano, Alberto.13aLa industria del whiskey en México aMéxico, D.F. :bBanco de México,c(s.a.) a56 p. 0aInformes preliminaresv; 4714aLicores.0 aInformes preliminaresv; 47